| 000 | 00510nam a22001697a 4500 | ||
|---|---|---|---|
| 005 | 20251108164712.0 | ||
| 008 | 250721s1982 xx 000 0 ara d | ||
| 082 | 1 | 4 | _a801.95/إبر |
| 100 | 1 | _aحماده، إبراهيم | |
| 245 | 1 | 0 | _aمقالات في النقد الأدبي / |
| 264 | 1 |
_aالقاهرة : _bدار المعارف، _c1982. |
|
| 300 | _a176ص | ||
| 490 | 0 | _aمكتبة الدراسات الأدبية ؛ 89 | |
| 650 | 1 | 7 | _aالنقد الأدبي |
| 942 |
_2ddc _cBK |
||
| 999 |
_c12247 _d12247 |
||